000 01258nam a2200397 a 4500
001 000028546
003 DO-SdBPM
005 20251218084044.0
007 ta
008 110411s2005 sp 000 0 spa d
020 _a8434225069
_q
040 _aDO-SdBPM
_bspa
_cBPMSU
_erda
_d
082 4 _a691
_bR696c 2005
_222
100 1 _aRodríguez Valera, Alicia.
_eautor
_4aut.
245 1 0 _aConstrucción [y] arquitectura /
_ctextos y ejercicios Alicia Rodríguez
250 _a5a. ed.
264 _aBarcelona :
_bParramón,
_c2005
300 _a48 Páginas :
_bilustraciones, retrato ;
_c23 cm.
336 _atexto
_btxt
_2rdacontent
337 _asin mediación
_bn
_2rdamedia
338 _avolumen
_bnc
_2rdacarrier
490 0 _aPequeño Ingeniero
500 _a Incluye glosario : págiana 48.
500 _a
504 _a
590 _aInventariado, 2025/VM
590 _6Inventariado, 2025/VM
650 7 _aIndustria de la construcción.
_x
_v
650 7 _aMaquetas (Arquitectura)
_xDiseño y construcción
_xModelos.
_z
650 7 _aArquitectura
_xExperimentos.
910 _aVMateo V. Control de calidad. BPMSU
930 1 _l
_m
_8
_f
_p
_g
942 _2ddc
_cBK
956 _a
_b
_c
_l
_h
956 _a
_b
_c
_l
_h
999 _c15588
_d15588